[Event "Lima Palma Memorial U1850 1st"]
[Site "Lima"]
[Date "2018.01.27"]
[Round "6.21"]
[White "Martel Obregon, Andre Gianpierre"]
[Black "Ugarelli, Juan"]
[Result "0-1"]
[WhiteElo "1197"]
[BlackElo "1461"]
[PlyCount "36"]
[EventDate "2018.01.23"]
[EventType "swiss"]
[EventRounds "8"]
[EventCountry "PER"]
[SourceTitle "EXT 2024"]
[Source "ChessBase"]
[SourceDate "2023.10.10"]
[SourceVersion "1"]
[SourceVersionDate "2023.10.10"]
[SourceQuality "1"]

1. d4 Nf6 2. Nf3 e6 3. Bf4 c5 4. e3 Nc6 5. c3 Qb6 6. Qb3 Qxb3 7. axb3 cxd4 8. cxd4 Bb4+ 9. Nbd2 Ne4 10. Be2 Nxd2 11. Nxd2 0-0 12. Bf3 d5 13. Ke2 Na5 14. Ra4 Bxd2 15. Kxd2 Nc6 16. Rc1 Bd7 17. Ra3 h6 18. Rc3 f5 0-1

[Event "Lima Surco op 2nd"]
[Site "Lima"]
[Date "2017.07.09"]
[Round "4"]
[White "Ugarelli, Juan"]
[Black "Acevedo Chavez, Freddy Adrian"]
[Result "0-1"]
[WhiteElo "1485"]
[BlackElo "1798"]
[PlyCount "111"]
[EventDate "2017.07.08"]
[EventType "swiss"]
[EventRounds "9"]
[EventCountry "PER"]
[SourceTitle "EXT 2018"]
[Source "ChessBase"]
[SourceDate "2017.10.13"]
[SourceVersion "1"]
[SourceVersionDate "2017.10.13"]
[SourceQuality "1"]

1. Nf3 d6 2. b3 e5 3. Bb2 f5 4. e3 Be6 5. d4 e4 6. d5 exf3 7. dxe6 fxg2 8. Bxg2 c6 9. Nd2 Nf6 10. Qf3 Be7 11. Qxf5 0-0 12. Qh3 Qa5 13. a3 Na6 14. 0-0-0 d5 15. Nb1 Nc7 16. Rd4 Nfe8 17. f4 Bf6 18. Ra4 Bxb2+ 19. Kxb2 Qc5 20. f5 Qe7 21. Rf1 Nf6 22. Rh4 Nce8 23. Nd2 Qc5 24. c3 Nd6 25. e4 dxe4 26. Nxe4 Ndxe4 27. Bxe4 Qe5 28. Bc2 Rfe8 29. Qg3 Qc5 30. Rg1 Qf8 31. b4 Re7 32. Qg5 a5 33. Rc4 axb4 34. cxb4 Rc7 35. h4 Kh8 36. Rd1 Qe8 37. Qf4 Rcc8 38. Rcd4 c5 39. Rd7 cxb4 40. Qxb4 Nxd7 41. Rxd7 b5 42. Qd4 Qg8 43. Bb3 Rd8 44. f6 Rxd7 45. exd7 Qf8 46. fxg7+ Qxg7 47. Qxg7+ Kxg7 48. Be6 Kf6 49. Bg4 Ke7 50. Kb3 Ra4 51. Be2 Rxh4 52. Bxb5 Rf4 53. a4 Rf8 54. Kc4 Kd6 55. Kd4 h5 56. a5 0-1

[Event "Lima Palma Memorial 2nd"]
[Site "Lima"]
[Date "2016.09.25"]
[Round "7.12"]
[White "Suarez Aybar, Miguel Angel"]
[Black "Ugarelli, Juan"]
[Result "1-0"]
[WhiteElo "1361"]
[BlackElo "1501"]
[PlyCount "64"]
[EventDate "2016.09.09"]
[EventType "swiss"]
[EventRounds "7"]
[EventCountry "PER"]
[SourceTitle "EXT 2024"]
[Source "ChessBase"]
[SourceDate "2023.10.10"]
[SourceVersion "1"]
[SourceVersionDate "2023.10.10"]
[SourceQuality "1"]

1. e4 e6 2. d3 d5 3. Nd2 c5 4. g3 Nc6 5. Bg2 Nf6 6. Ngf3 d4 7. 0-0 b5 8. Re1 e5 9. Nf1 Bd6 10. h4 h6 11. N1h2 Bd7 12. Bd2 Qc8 13. c3 Ng4 14. cxd4 Nxh2 15. Nxh2 Nxd4 16. f4 b4 17. Rc1 Qa6 18. Be3 Rc8 19. Bxd4 cxd4 20. Rxc8+ Bxc8 21. Rf1 Qxa2 22. Ng4 Bxg4 23. Qxg4 0-0 24. f5 f6 25. Qe2 a5 26. g4 a4 27. Qc2 a3 28. Rb1 b3 29. Qc4+ Kh8 30. Qc1 Re8 31. bxa3 Bxa3 32. Qd1 Qc2 1-0

[Event "Lima Palma Memorial 2nd"]
[Site "Lima"]
[Date "2016.09.18"]
[Round "5.11"]
[White "Ugarelli, Juan"]
[Black "Alvarado Mendoza, Juan Jose"]
[Result "1/2-1/2"]
[WhiteElo "1501"]
[BlackElo "1716"]
[PlyCount "48"]
[EventDate "2016.09.09"]
[EventType "swiss"]
[EventRounds "7"]
[EventCountry "PER"]
[SourceTitle "EXT 2024"]
[Source "ChessBase"]
[SourceDate "2023.10.10"]
[SourceVersion "1"]
[SourceVersionDate "2023.10.10"]
[SourceQuality "1"]

1. e4 c5 2. Nf3 d6 3. Bb5+ Nd7 4. c3 Ngf6 5. e5 dxe5 6. Nxe5 a6 7. Nxd7 Nxd7 8. Bc4 e6 9. 0-0 Qh4 10. d4 Be7 11. Re1 0-0 12. Be3 b5 13. Bb3 Bb7 14. d5 exd5 15. Bxd5 Bxd5 16. Qxd5 Rfd8 17. Nd2 Nf6 18. Qc6 Nd5 19. Nf3 Qh5 20. Rad1 Qg6 21. Qb7 Nxe3 22. Rxd8+ Rxd8 23. fxe3 Bf8 24. Ne5 Qf6 1/2-1/2

[Event "Santiago del Surco IRT Ricardo Palma"]
[Site "Santiago del Surco"]
[Date "2016.07.23"]
[Round "6.7"]
[White "Reynaga, Roland"]
[Black "Ugarelli, Juan"]
[Result "1-0"]
[WhiteElo "1650"]
[BlackElo "1507"]
[PlyCount "81"]
[EventDate "2016.07.18"]
[EventType "swiss"]
[EventRounds "7"]
[EventCountry "PER"]
[SourceTitle "EXT 2024"]
[Source "ChessBase"]
[SourceDate "2023.10.10"]
[SourceVersion "1"]
[SourceVersionDate "2023.10.10"]
[SourceQuality "1"]

1. Nf3 Nf6 2. c4 g6 3. Nc3 Bg7 4. d4 d6 5. Bf4 0-0 6. e3 Bg4 7. Be2 c5 8. 0-0 Nc6 9. d5 Nb4 10. a3 Na6 11. h3 Bf5 12. Nd2 Nc7 13. Rc1 a6 14. b4 b6 15. e4 Bd7 16. e5 Nfe8 17. exd6 Nxd6 18. bxc5 bxc5 19. Nb3 Bxc3 20. Rxc3 Ba4 21. Qd3 Nb7 22. Qg3 Rc8 23. Rb1 Bd7 24. Nd2 Na5 25. Re1 e6 26. d6 Na8 27. Bh6 Nc6 28. Ne4 f5 29. Bg5 Qe8 30. Nxc5 Qf7 31. Nxd7 Qxd7 32. c5 a5 33. Bc4 Rfe8 34. Qh4 Nd8 35. Bxd8 Qxd8 36. Bxe6+ Rxe6 37. Qxd8+ Rxd8 38. Rxe6 Kf7 39. Re7+ Kf6 40. f4 h6 41. Rce3 1-0

[Event "San Borja Nombre de Jesus III"]
[Site "San Borja"]
[Date "2015.08.12"]
[Round "3"]
[White "Balvin, Jorge"]
[Black "Ugarelli, Juan"]
[Result "1-0"]
[WhiteElo "1721"]
[BlackElo "1508"]
[PlyCount "69"]
[EventDate "2015.08.12"]
[EventType "swiss"]
[EventRounds "8"]
[EventCountry "PER"]
[SourceTitle "EXT 2024"]
[Source "ChessBase"]
[SourceDate "2023.10.10"]
[SourceVersion "1"]
[SourceVersionDate "2023.10.10"]
[SourceQuality "1"]

1. e4 e6 2. d3 c5 3. Nd2 Nc6 4. g3 g6 5. Bg2 Bg7 6. Ngf3 Qb6 7. Nc4 Qd8 8. Nd6+ Kf8 9. 0-0 Nf6 10. Ng5 Ne5 11. f4 Neg4 12. Ngxf7 Qb6 13. e5 c4+ 14. d4 Nh6 15. Nxh6 Bxh6 16. Nxc8 Rxc8 17. exf6 Kf7 18. Kh1 Rhe8 19. f5 Bxc1 20. fxg6+ hxg6 21. Qxc1 Rh8 22. Qf4 Rh7 23. Be4 Rg8 24. b3 d5 25. bxc4 dxe4 26. Rab1 Qc6 27. d5 exd5 28. cxd5 Qd7 29. Qxe4 Re8 30. Qc4 b6 31. Rbe1 Rxe1 32. Rxe1 Kxf6 33. Re6+ Kg7 34. Qd4+ Kh6 35. Qh4+ 1-0

[Event "San Borja Nombre de Jesus III"]
[Site "San Borja"]
[Date "2015.08.12"]
[Round "8"]
[White "Ugarelli, Juan"]
[Black "Sanchez Su, Ian Rodrigo"]
[Result "0-1"]
[WhiteElo "1508"]
[BlackElo "1300"]
[PlyCount "50"]
[EventDate "2015.08.12"]
[EventType "swiss"]
[EventRounds "8"]
[EventCountry "PER"]
[SourceTitle "EXT 2024"]
[Source "ChessBase"]
[SourceDate "2023.10.10"]
[SourceVersion "1"]
[SourceVersionDate "2023.10.10"]
[SourceQuality "1"]

1. e4 e5 2. Nf3 Nc6 3. Bc4 Nf6 4. Ng5 Bc5 5. Bxf7+ Ke7 6. c3 h6 7. Bb3 hxg5 8. d3 d6 9. Bxg5 Ke8 10. h4 Ne7 11. d4 Bb6 12. Qd3 c5 13. Qc4 Rf8 14. Bxf6 Rxf6 15. d5 Bg4 16. h5 Rh6 17. f3 Rxh5 18. Rf1 Bd7 19. Na3 a6 20. Qe2 Rh2 21. c4 Ng6 22. Rg1 Nf4 23. Qf1 Qg5 24. Kf2 Nh3+ 25. Ke1 Ba5+ 0-1

[Event "Lima Santisimo Nombre de Jesus"]
[Site "Lima"]
[Date "2015.05.29"]
[Round "5"]
[White "Ugarelli, Juan"]
[Black "Catano, Alvaro"]
[Result "0-1"]
[WhiteElo "1547"]
[BlackElo "1361"]
[PlyCount "102"]
[EventDate "2015.05.22"]
[EventType "swiss"]
[EventRounds "8"]
[EventCountry "PER"]
[SourceTitle "EXT 2024"]
[Source "ChessBase"]
[SourceDate "2023.10.10"]
[SourceVersion "1"]
[SourceVersionDate "2023.10.10"]
[SourceQuality "1"]

1. c4 Nf6 2. Nc3 g6 3. g3 Bg7 4. Bg2 0-0 5. e3 d6 6. Nge2 Nbd7 7. d4 c6 8. 0-0 e5 9. Ne4 Nxe4 10. Bxe4 f5 11. Bg2 Qe7 12. Qb3 Kh8 13. Bd2 e4 14. Bc3 Nf6 15. Rad1 a5 16. a4 d5 17. c5 g5 18. Rfe1 h5 19. Bd2 Nh7 20. f4 g4 21. Kf2 h4 22. Rh1 Bf6 23. Bf1 Kg7 24. Nc1 Rh8 25. Qb6 Qf7 26. Bxa5 Bd8 27. Qb3 Bxa5 28. Bg2 Nf6 29. Ne2 Be6 30. Qc2 Qd7 31. Rb1 Bc7 32. b4 Ne8 33. a5 Bd8 34. Nc3 Nc7 35. Na4 Nb5 36. Qb3 Kg6 37. Nb6 Bxb6 38. cxb6 Nd6 39. Qc3 Nc4 40. Rbd1 Rh7 41. Ra1 Qe7 42. Rhb1 hxg3+ 43. hxg3 Rah8 44. a6 bxa6 45. Rxa6 Qb7 46. Rba1 Rh2 47. Ra7 Qxb6 48. Re7 Kf6 49. Raa7 Qd8 50. Rec7 Qe8 51. Ra6 Rxg2+ 0-1

[Event "Lima Santisimo Nombre de Jesus"]
[Site "Lima"]
[Date "2015.05.22"]
[Round "1"]
[White "Ugarelli, Juan"]
[Black "Vera Canales, Mariano"]
[Result "1-0"]
[WhiteElo "1547"]
[BlackElo "1241"]
[PlyCount "63"]
[EventDate "2015.05.22"]
[EventType "swiss"]
[EventRounds "8"]
[EventCountry "PER"]
[SourceTitle "EXT 2024"]
[Source "ChessBase"]
[SourceDate "2023.10.10"]
[SourceVersion "1"]
[SourceVersionDate "2023.10.10"]
[SourceQuality "1"]

1. e4 e5 2. Nf3 Nc6 3. Bc4 Nf6 4. Ng5 d5 5. exd5 Nxd5 6. Nxf7 Qd7 7. Nxh8 Na5 8. Qh5+ Kd8 9. Nf7+ Qxf7 10. Qxf7 Nxc4 11. Qxd5+ Bd7 12. Qxc4 a6 13. Nc3 Bc6 14. d4 Bxg2 15. Bg5+ Be7 16. Bxe7+ Kxe7 17. Nd5+ Ke6 18. Nxc7+ Kf5 19. Qe6+ Ke4 20. Qxe5+ Kf3 21. Qg3+ Ke4 22. Qxg2+ Kxd4 23. 0-0-0+ Kc5 24. Qd5+ Kb6 25. Ne6 Rc8 26. Rd3 Ka7 27. Rb3 Rb8 28. Qc5+ b6 29. Qc6 h6 30. Rd1 a5 31. Rd7+ Ka6 32. Qb5# 1-0

[Event "Lima Santisimo Nombre de Jesus 4"]
[Site "Lima"]
[Date "2014.08.06"]
[Round "5"]
[White "Ugarelli, Juan"]
[Black "Cosme Contreras, Trilce"]
[Result "1/2-1/2"]
[WhiteElo "1515"]
[BlackElo "1698"]
[PlyCount "99"]
[EventDate "2014.08.04"]
[EventType "swiss"]
[EventRounds "8"]
[EventCountry "PER"]
[SourceTitle "EXT 2024"]
[Source "ChessBase"]
[SourceDate "2023.10.10"]
[SourceVersion "1"]
[SourceVersionDate "2023.10.10"]
[SourceQuality "1"]

1. e4 c5 2. Nf3 d6 3. Bb5+ Bd7 4. Bxd7+ Qxd7 5. 0-0 Nc6 6. c4 g6 7. Nc3 Bg7 8. d3 e6 9. Ne2 Nge7 10. a3 d5 11. Rb1 a5 12. b3 d4 13. Bd2 0-0 14. Ng3 e5 15. b4 axb4 16. axb4 b6 17. bxc5 bxc5 18. Qc2 Rfb8 19. Rxb8+ Rxb8 20. Rb1 Qa7 21. Rb3 Nb4 22. Qb1 Nec6 23. Bxb4 Rxb4 24. Nf1 Qa4 25. N3d2 Bf8 26. g3 Na5 27. Rb2 Qc6 28. Qa2 Qb6 29. Rb1 Rxb1 30. Nxb1 Nc6 31. Nbd2 Nb4 32. Qb3 Qa5 33. Kg2 Qa2 34. Qxa2 Nxa2 35. Nf3 Bd6 36. N1d2 Nc1 37. Ne1 g5 38. h3 Kg7 39. g4 h5 40. Kf1 h4 41. Ndf3 f6 42. Ng1 Kf7 43. Ne2 Nxe2 44. Kxe2 Ke7 45. f3 Kd7 46. Nc2 Kc6 47. Na3 Kb6 48. Kd2 Ka5 49. Kc2 Kb4 50. Kb2 1/2-1/2

[Event "Lima Santisimo Nombre de Jesus 3"]
[Site "Lima"]
[Date "2014.06.29"]
[Round "8"]
[White "Ugarelli, Juan"]
[Black "Flores Quillas, Diego Saul Rodrigo"]
[Result "0-1"]
[WhiteElo "1500"]
[BlackElo "1600"]
[PlyCount "78"]
[EventDate "2014.06.21"]
[EventType "swiss"]
[EventRounds "8"]
[EventCountry "PER"]
[SourceTitle "EXT 2024"]
[Source "ChessBase"]
[SourceDate "2023.10.10"]
[SourceVersion "1"]
[SourceVersionDate "2023.10.10"]
[SourceQuality "1"]

1. e4 c5 2. Nf3 e6 3. c3 Nf6 4. Qc2 Qc7 5. Be2 Be7 6. d3 0-0 7. h3 d5 8. Bg5 Nc6 9. Nbd2 Rd8 10. 0-0-0 e5 11. g4 d4 12. cxd4 cxd4 13. Kb1 Be6 14. Nc4 Qb8 15. Bd2 b5 16. Na5 Nxa5 17. Bxa5 Rc8 18. Qd2 b4 19. g5 Nd7 20. Nh4 Qb5 21. Nf5 Bf8 22. Bg4 Qxa5 23. Nh6+ gxh6 24. Bxe6 fxe6 25. gxh6 Rc6 26. Rhg1+ Kf7 27. Rg3 Ra6 28. b3 Bxh6 29. Qe2 Ke7 30. Rdg1 Rc8 31. f4 Bxf4 32. Rg7+ Kd6 33. R7g2 Rac6 34. a4 bxa3 35. Qh5 a2+ 36. Rxa2 Rc1+ 37. Rxc1 Rxc1+ 38. Kb2 Rc2+ 39. Kxc2 Qxa2+ 0-1

[Event "Lima Santisimo Nombre de Jesus 2"]
[Site "Lima"]
[Date "2014.05.03"]
[Round "6"]
[White "Flores Quillas, Diego Saul Rodrigo"]
[Black "Ugarelli, Juan"]
[Result "0-1"]
[WhiteElo "1625"]
[BlackElo "1495"]
[PlyCount "100"]
[EventDate "2014.04.26"]
[EventType "swiss"]
[EventRounds "8"]
[EventCountry "PER"]
[SourceTitle "EXT 2024"]
[Source "ChessBase"]
[SourceDate "2023.10.10"]
[SourceVersion "1"]
[SourceVersionDate "2023.10.10"]
[SourceQuality "1"]

1. e4 Nc6 2. d4 d5 3. exd5 Qxd5 4. Nf3 Bf5 5. Nc3 Qd8 6. Bb5 a6 7. Ba4 b5 8. Bb3 e6 9. 0-0 Nf6 10. Bf4 Bd6 11. Bxd6 cxd6 12. d5 Na5 13. dxe6 fxe6 14. Nd4 Nxb3 15. axb3 0-0 16. Nxf5 exf5 17. Qd4 Qc7 18. Rfd1 Rfd8 19. b4 Qc4 20. Qxc4+ bxc4 21. Rd4 d5 22. Ra5 Rab8 23. Ra4 Rd6 24. f3 Re8 25. Kf2 Kf7 26. Ra1 g5 27. Na4 Rde6 28. Rd2 Nd7 29. Nc3 Nf6 30. Ra5 Rb8 31. Ra4 Rbe8 32. Nd1 f4 33. c3 R8e7 34. Ra2 h5 35. b3 h4 36. bxc4 dxc4 37. Re2 Rxe2+ 38. Rxe2 Rxe2+ 39. Kxe2 Ke6 40. Kf2 Kd5 41. Ke2 Kc6 42. Kd2 Kb5 43. Nb2 Nd5 44. h3 Ne3 45. Ke2 Nxg2 46. Kf2 Ne3 47. Ke2 Nd5 48. Kd2 Nb6 49. Kc2 Nd7 50. Nd1 Ne5 0-1

[Event "Lima Santisimo Nombre de Jesus 1"]
[Site "Lima"]
[Date "2014.03.16"]
[Round "8"]
[White "Ugarelli, Juan"]
[Black "Romero, Sebastian Peru"]
[Result "1-0"]
[WhiteElo "1490"]
[BlackElo "1536"]
[PlyCount "77"]
[EventDate "2014.03.08"]
[EventType "swiss"]
[EventRounds "8"]
[EventCountry "PER"]
[SourceTitle "EXT 2024"]
[Source "ChessBase"]
[SourceDate "2023.10.10"]
[SourceVersion "1"]
[SourceVersionDate "2023.10.10"]
[SourceQuality "1"]

1. e4 c5 2. Nf3 d6 3. d4 cxd4 4. Nxd4 Bd7 5. Nc3 g6 6. Be3 Bg7 7. Qd2 Nc6 8. f3 a6 9. Be2 Rc8 10. 0-0 e6 11. Rad1 Qe7 12. Kh1 h5 13. f4 h4 14. f5 Nf6 15. fxg6 fxg6 16. Bg5 Rf8 17. Nf3 Qf7 18. Qxd6 Rh8 19. Nxh4 Rd8 20. Qg3 Rg8 21. e5 Nh5 22. Qe3 Bf6 23. exf6 Rh8 24. Nd5 Kf8 25. Ne7 Ke8 26. Nexg6 Rh7 27. Ne7 Rh8 28. Nef5 Kf8 29. Nd6 Qh7 30. Bd3 Qxd3 31. Rxd3 Be8 32. f7 Rxd6 33. fxe8Q+ Kxe8 34. Rxd6 Ng7 35. Qd3 Nf5 36. Nxf5 Kf7 37. Nh6+ Kg7 38. Rd7+ Ne7 39. Rxe7# 1-0

[Event "Lima Santisimo Nombre de Jesus 1"]
[Site "Lima"]
[Date "2014.03.08"]
[Round "2"]
[White "Flores Quillas, Diego Saul Rodrigo"]
[Black "Ugarelli, Juan"]
[Result "1-0"]
[WhiteElo "1598"]
[BlackElo "1495"]
[PlyCount "27"]
[EventDate "2014.03.08"]
[EventType "swiss"]
[EventRounds "8"]
[EventCountry "PER"]
[SourceTitle "EXT 2024"]
[Source "ChessBase"]
[SourceDate "2023.10.10"]
[SourceVersion "1"]
[SourceVersionDate "2023.10.10"]
[SourceQuality "1"]

1. e4 e6 2. d4 d5 3. Nc3 Bb4 4. e5 c5 5. Qg4 Ne7 6. dxc5 Qa5 7. Bd2 Qxc5 8. Nf3 0-0 9. Bd3 Nbc6 10. Bxh7+ Kh8 11. Qh5 Ng8 12. Bd3+ Nh6 13. Bxh6 Bxc3+ 14. Bd2+ 1-0

[Event "Lima Santisimo Nombre de Jesus 5"]
[Site "Lima"]
[Date "2013.10.17"]
[Round "3"]
[White "Ugarelli, Juan"]
[Black "Tovar, Paul Mateo"]
[Result "1-0"]
[WhiteElo "1493"]
[BlackElo "1405"]
[PlyCount "57"]
[EventDate "2013.10.16"]
[EventType "swiss"]
[EventRounds "8"]
[EventCountry "PER"]
[SourceTitle "EXT 2024"]
[Source "ChessBase"]
[SourceDate "2023.10.10"]
[SourceVersion "1"]
[SourceVersionDate "2023.10.10"]
[SourceQuality "1"]

1. e4 e5 2. Nf3 Nc6 3. Bb5 Nf6 4. d3 g6 5. 0-0 Bg7 6. c3 0-0 7. h3 d5 8. exd5 Nxd5 9. Nbd2 Nb6 10. Nc4 Nxc4 11. Bxc4 a6 12. Bb3 Bf5 13. Bc2 Qd7 14. g4 Be6 15. Bg5 f6 16. Bh4 f5 17. g5 f4 18. Bb3 Kh8 19. Bxe6 Qxe6 20. Kh2 e4 21. dxe4 Qxe4 22. Re1 Qf5 23. Qb3 Ne5 24. Nxe5 Bxe5 25. f3 b5 26. Rad1 Rfe8 27. Re4 c6 28. Rd3 Rad8 29. Qd1 1-0

[Event "Lima Santisimo Nombre de Jesus 4"]
[Site "Lima"]
[Date "2013.08.01"]
[Round "3"]
[White "Ugarelli, Juan"]
[Black "Mieses, Bruce"]
[Result "0-1"]
[WhiteElo "1486"]
[BlackElo "1880"]
[PlyCount "135"]
[EventDate "2013.07.31"]
[EventType "swiss"]
[EventRounds "8"]
[EventCountry "PER"]
[SourceTitle "EXT 2024"]
[Source "ChessBase"]
[SourceDate "2023.10.10"]
[SourceVersion "1"]
[SourceVersionDate "2023.10.10"]
[SourceQuality "1"]

1. e4 c5 2. c4 Nc6 3. Nc3 Nf6 4. Nf3 d6 5. h3 g6 6. d3 Bg7 7. Be3 0-0 8. Qd2 Rb8 9. Bh6 Nd4 10. Nxd4 cxd4 11. Nd5 Nxd5 12. Bxg7 Kxg7 13. cxd5 e5 14. Be2 f5 15. Rc1 Bd7 16. 0-0 Rc8 17. Rxc8 Bxc8 18. Rc1 h6 19. Qc2 fxe4 20. dxe4 Qg5 21. Kf1 Qf6 22. Bd3 Bd7 23. Qd2 Rc8 24. Rxc8 Bxc8 25. Qc1 Qd8 26. f4 Bd7 27. fxe5 dxe5 28. Kg1 a6 29. Qc5 Be8 30. d6 Kf6 31. Be2 Bc6 32. Bd3 Qd7 33. Kf2 Qe8 34. Kf3 Ke6 35. Bc4+ Kd7 36. Bd5 Qf8+ 37. Ke2 Qxd6 38. Bxc6+ bxc6 39. Qa7+ Ke8 40. Qxa6 Qc5 41. Qc8+ Ke7 42. Qc7+ Kf6 43. Qd8+ Qe7 44. Qb6 Qe6 45. Kd3 Kg5 46. g3 Qf6 47. Ke2 h5 48. a4 h4 49. Qb3 c5 50. g4 Qd8 51. Qb5 Qa8 52. Kd3 Qf8 53. Ke2 Qf4 54. Qd3 Qh2+ 55. Kd1 Qg1+ 56. Kd2 c4 57. Qxc4 Qe3+ 58. Kc2 Qxh3 59. a5 Qg2+ 60. Kb3 h3 61. a6 h2 62. a7 Qxe4 63. Qc1+ Kxg4 64. Qd1+ Kf4 65. Qd2+ Kf5 66. Qxh2 Qb7+ 67. Kc4 Qa6+ 68. Kd5 0-1

[Event "Lima Santisimo Nombre de Jesus 3"]
[Site "Lima"]
[Date "2013.07.06"]
[Round "6"]
[White "Hilares Chavez, Carlos Amir"]
[Black "Ugarelli, Juan"]
[Result "0-1"]
[WhiteElo "1557"]
[BlackElo "1488"]
[PlyCount "64"]
[EventDate "2013.06.28"]
[EventType "swiss"]
[EventRounds "8"]
[EventCountry "PER"]
[SourceTitle "EXT 2024"]
[Source "ChessBase"]
[SourceDate "2023.10.10"]
[SourceVersion "1"]
[SourceVersionDate "2023.10.10"]
[SourceQuality "1"]

1. e4 e5 2. Nf3 Nc6 3. Bc4 Bc5 4. d3 h6 5. Be3 Bb6 6. Nc3 Nf6 7. 0-0 d6 8. h3 Bd7 9. d4 Nxd4 10. Nxd4 exd4 11. Bxd4 0-0 12. Qd3 Be6 13. Rae1 Bxd4 14. Qxd4 Nd7 15. f4 Bxc4 16. Qxc4 Nb6 17. Qd4 a6 18. f5 Re8 19. f6 g6 20. Qe3 Kh7 21. Rf4 Re5 22. Rh4 g5 23. Rg4 Qxf6 24. Rf1 Qg6 25. h4 Rae8 26. hxg5 Rxg5 27. Rgf4 Rxg2+ 28. Kh1 Re7 29. Rf6 Qg7 30. R1f3 Nc4 31. Qf4 Rg1+ 32. Kh2 Qg2# 0-1

[Event "Lima Sagrados Corazones Recoleta 2012"]
[Site "Lima"]
[Date "2012.12.23"]
[Round "3"]
[White "Mendoza Sosaya, Eric"]
[Black "Ugarelli, Juan"]
[Result "1-0"]
[WhiteElo "1705"]
[BlackElo "1508"]
[PlyCount "77"]
[EventDate "2012.12.22"]
[EventType "swiss"]
[EventRounds "8"]
[EventCountry "PER"]
[SourceTitle "EXT 2024"]
[Source "ChessBase"]
[SourceDate "2023.10.10"]
[SourceVersion "1"]
[SourceVersionDate "2023.10.10"]
[SourceQuality "1"]

1. e4 e6 2. d4 d5 3. Nc3 Bb4 4. e5 Bxc3+ 5. bxc3 Ne7 6. Qg4 Ng6 7. h4 h5 8. Qg3 Nc6 9. Bd3 Nce7 10. Bg5 Qd7 11. Ne2 Nf5 12. Qf3 Nge7 13. Ng3 g6 14. Bf6 Rh7 15. 0-0 Ng8 16. Bg5 Nge7 17. a4 a6 18. a5 c6 19. Be2 Qc7 20. Rfd1 c5 21. Qd3 c4 22. Qf3 Nc6 23. Nxf5 exf5 24. Qxd5 Be6 25. Qc5 Rc8 26. d5 Qxe5 27. Qe3 Qxe3 28. Bxe3 Bd7 29. dxc6 Bxc6 30. Rd6 Ke7 31. Rad1 f6 32. Bb6 Rhh8 33. Bxc4 Rhe8 34. Bb3 g5 35. Re6+ Kf8 36. Rxf6+ Kg7 37. hxg5 Be4 38. Rd7+ Kh8 39. Rh6# 1-0